Kadiru (Record no. 141864)

MARC details
000 -LEADER
fixed length control field 00544nam a2200205Ia 4500
003 - CONTROL NUMBER IDENTIFIER
control field OSt
005 - DATE AND TIME OF LATEST TRANSACTION
control field 20251122103630.0
008 - FIXED-LENGTH DATA ELEMENTS--GENERAL INFORMATION
fixed length control field 210210b2010 xxu||||| |||| 00| 0 eng d
040 ## - CATALOGING SOURCE
Transcribing agency AL
041 ## - LANGUAGE CODE
Language code of text/sound track or separate title Kannada
082 ## - DEWEY DECIMAL CLASSIFICATION NUMBER
Classification number K894.1 ABHK
100 ## - MAIN ENTRY--PERSONAL NAME
Personal name ABHAYA KUMAR
Dates associated with a name ಅಭಯ ಕುಮಾರ್
9 (RLIN) 246650
245 ## - TITLE STATEMENT
Title Kadiru
Remainder of title ಕದಿರು
260 ## - PUBLICATION, DISTRIBUTION, ETC.
Place of publication, distribution, etc. Mangalagangothri
Name of publisher, distributor, etc. Mangaluru Vishvavidyanilaya
Date of publication, distribution, etc. 2010
300 ## - PHYSICAL DESCRIPTION
Extent viii,120
650 ## - SUBJECT ADDED ENTRY--TOPICAL TERM
Topical term or geographic name entry element Kadiru
9 (RLIN) 246651
690 ## - LOCAL SUBJECT ADDED ENTRY--TOPICAL TERM (OCLC, RLIN)
Topical term or geographic name as entry element Kannada Poetry
9 (RLIN) 246652
906 ## - LOCAL DATA ELEMENT F, LDF (RLIN)
a 064867
942 ## - ADDED ENTRY ELEMENTS (KOHA)
Source of classification or shelving scheme Dewey Decimal Classification
Koha item type Book
Holdings
Withdrawn status Lost status Source of classification or shelving scheme Damaged status Not for loan Collection code Home library Current library Shelving location Date acquired Source of acquisition Cost, normal purchase price Total Checkouts Full call number Barcode Date last seen Price effective from Koha item type
    Dewey Decimal Classification     Kannada St Aloysius Library St Aloysius Library   02/17/2021 Biblios Book Point, Surathkal-575014 45.00   K894.1 ABHK 064867 02/17/2021 02/17/2021 Book